000
00402nam a22001337a 4500
003
macl
005
20180407131115.0
008
180407b xxu||||| |||| 00| 0 eng d
040
_c
macl
100
_a
हरि जोशी
_9
40998
245
_a
अमेरिका ऐसा भी है
260
_a
दिल्ली
_b
श्री गणेश प्रकाशन
_c
2015
942
_2
ddc
_c
HIN
999
_c
57502
_d
57502